000 00442nam a2200181Ia 4500
001 4466
005 20260306145758.0
008 260306t2023||||xx |||||||||||||| ||spa||
041 _aESP
082 _a323.04
_bS712
100 _aSadin, Éric,
_eAUT
245 0 _aHacer disidencia :
_buna política de nosotros mismos
260 _c2023
300 _a246 páginas :
_c22 cm.
650 _aGEN
654 _aCHU
942 _cLIB
_dJUS
_fJUS
_2ddc
_n
999 _c4466
_d4466